[Event "Double Scotch"]
[Site "SchemingMind.com"]
[Date "2006.12.12"]
[Round "-"]
[White "twotone"]
[Black "Dr_Pat"]
[Result "1-0"]
[WhiteCountry "ENG"]
[BlackCountry "USA"]
[WhiteElo "1421"]
[WhiteRD "57"]
[BlackElo "1493"]
[BlackRD "49"]
[GameID "81698"]

1. e4 e5 2. Nf3 Nc6 3. d4 exd4 4. Nxd4 Bc5 5. c3 Nf6 6. Nxc6 bxc6 7. Qe2 O-O 8. Qc4 Bb6 9. Bd3 d5 10. Qxc6 Rb8
11. O-O Bb7 12. Qa4 dxe4 13. Be2 Qd5 14. Rd1 Qc5 15. Be3 Qf5 16. Na3 Bxe3 17. Rf1 Bb6 18. Nc2 Ng4 19. Nd4 Bxd4 20. cxd4 Rfe8
21. Qxa7 e3 22. Bxg4 Qxg4 23. f3 Qg6 24. Rae1 e2 25. Rf2 Bd5 26. Rfxe2 Be6 27. b3 h5 28. Qxc7 Rbd8 29. Re5 Rxd4 30. Qc6 Red8
31. a4 Rd1 32. b4 Qb1 33. Qe4 Qxe4 34. Rxe4 Rxe1+ 35. Rxe1 Rd4 36. Rb1 Ba2 37. Rb2 Rd1+ 38. Kf2 Bc4 39. h4 Kh7 40. b5 Kg6
41. b6 Ba6 42. b7 Bxb7 43. Rxb7 Ra1 44. Rb4 Kf5 45. Kg3 f6 46. Rb5+ Kg6 47. a5 Ra4 48. Kh3 f5 49. Rb6+ Kf7 50. a6 Ke7
51. Rb7+ Kd8 52. a7 Kc8 53. Rxg7 f4 54. Rh7
1-0

[Event "Double Scotch"]
[Site "SchemingMind.com"]
[Date "2006.12.12"]
[Round "-"]
[White "twotone"]
[Black "fouche"]
[Result "0-1"]
[WhiteCountry "ENG"]
[BlackCountry "COL"]
[WhiteElo "1392"]
[WhiteRD "59"]
[BlackElo "1619"]
[BlackRD "56"]
[GameID "81699"]

1. e4 e5 2. Nf3 Nc6 3. d4 d6 4. d5 Nce7 5. Be2 Nf6 6. Nc3 Ng6 7. O-O Bd7 8. Be3 Be7 9. b4 O-O 10. a4 c6
11. dxc6 bxc6 12. Bc4 Be6 13. Ba2 Qc7 14. Ng5 Bxa2 15. Rxa2 h6 16. Nf3 Rfd8 17. h3 d5 18. exd5 cxd5 19. Nb5 Qc4 20. c3 Qxa2
21. Qd2 Qxd2 22. Nxd2 a6 23. Na3 d4 24. Bxh6 gxh6 25. Nab1 dxc3 26. Nxc3 Bxb4 27. Ndb1 Bxc3 28. Nxc3 Rac8 29. Rc1 Rd3 30. Ne2 Rxc1+
31. Kh2 Re1 32. Ng3 Rdd1 33. f3 Nf4 34. h4 Rd2
0-1

[Event "Double Scotch"]
[Site "SchemingMind.com"]
[Date "2006.12.13"]
[Round "-"]
[White "twotone"]
[Black "mart_r3000"]
[Result "1-0"]
[WhiteCountry "ENG"]
[BlackCountry "ENG"]
[WhiteElo "1392"]
[WhiteRD "59"]
[BlackElo "1281"]
[BlackRD "52"]
[GameID "81700"]

1. e4 e5 2. Nf3 Nc6 3. d4 exd4 4. Nxd4 Nxd4 5. Qxd4 f6 6. Bc4 Bb4+ 7. Nc3 f5 8. Qxg7 Qe7 9. Qxe7+ Bxe7 10. exf5 d6
11. Bd3 Nh6 12. Bxh6 Bd7 13. O-O O-O-O 14. Bg7 Rhg8 15. Bd4 h5 16. f6 Bf8 17. f7 Rg4 18. Bf6 Bc6 19. Bxd8 Rxg2+ 20. Kh1 Bf3
21. Be4 Rg3+ 22. Bxf3 Rxf3 23. Bh4 Rxf7 24. f4 c6 25. f5 Rg7 26. f6 Rg4 27. Bg3 Kd7 28. Rae1 h4 29. Bf2 b6 30. Re2 c5
31. Nd5 h3 32. Bg3 Rd4 33. Nf4 d5 34. f7 Ra4 35. Nxd5 Kc6 36. Nc7 c4 37. Ne6 Be7 38. f8=Q Bxf8 39. Nxf8 Rxa2 40. c3 Ra5
41. Rf6+ Kb5 42. Re1 Ra2 43. Rf5+ Ka4 44. Bd6 Rxb2 45. Ra1+ Kb3 46. Rb5+ Kxc3 47. Be5+ Kc2 48. Rxb2+
1-0

[Event "Double Scotch"]
[Site "SchemingMind.com"]
[Date "2006.12.12"]
[Round "-"]
[White "twotone"]
[Black "Canuck36"]
[Result "1-0"]
[WhiteCountry "ENG"]
[BlackCountry "CAN"]
[WhiteElo "1421"]
[WhiteRD "57"]
[BlackElo "1492"]
[BlackRD "67"]
[GameID "81701"]

1. e4 e5 2. Nf3 Nc6 3. d4 exd4 4. Nxd4 Nf6 5. Nxc6 bxc6 6. e5 Qe7 7. Qe2 Nd5 8. Bd2 a5 9. c4 Ba6 10. b3 Nb4
11. Na3 Nd3+ 12. Qxd3 Qxa3 13. Be2 Bb4 14. O-O Bxd2 15. Qxd2 Qc5 16. Qg5 O-O 17. Rad1 d6 18. Qe3 Qxe3 19. fxe3 dxe5 20. Bf3 Bb7
21. Rd7 Rac8 22. Bh5 g6 23. Bg4 f5 24. Be2 c5 25. Re7 Rfe8 26. Rd7 Be4 27. Rfd1 c6 28. Ra7 Ra8 29. Rdd7 Rxa7 30. Rxa7 f4
31. exf4 exf4 32. Rxa5 Re5 33. Kf2 g5 34. Ra8+ Kg7 35. Bf3 Kf6 36. Rc8 Kf5 37. Bxe4+ Rxe4 38. Rxc6 h5 39. Rxc5+ Kf6 40. a4 h4
41. a5 g4 42. a6 Re6 43. Ra5 Re8 44. a7 Ra8 45. b4 Ke6 46. b5 Kd6 47. b6
1-0

[Event "Double Scotch"]
[Site "SchemingMind.com"]
[Date "2006.12.13"]
[Round "-"]
[White "twotone"]
[Black "cnile"]
[Result "0-1"]
[WhiteCountry "ENG"]
[BlackCountry "SCO"]
[WhiteElo "1421"]
[WhiteRD "57"]
[BlackElo "1532"]
[BlackRD "65"]
[GameID "81702"]

1. e4 e5 2. Nf3 Nc6 3. d4 exd4 4. Nxd4 Qh4 5. Qf3 Nxd4 6. Qd3 Bc5 7. g3 Qe7 8. Bg2 d5 9. O-O Nf6 10. Re1 O-O
11. Bd2 Ng4 12. Nc3 Ne6 13. Nd1 dxe4 14. Rxe4 Nf6 15. Rc4 Bb6 16. Bb4 Bc5 17. a3 Bxb4 18. axb4 Rd8 19. Qb3 a6 20. b5 a5
21. Ne3 Nd4 22. Qa4 Nxb5 23. Qxb5 Be6 24. Rc3 c6 25. Qe2 Qc7 26. h3 Qc8 27. Nc4 Qc7 28. Rca3 Bxc4 29. Qxc4 Rd6 30. Qc3 h6
31. Rxa5 Rad8 32. b4 Nd5 33. Bxd5 Rxd5 34. b5 Rd2 35. Rb1 Qb6 36. Rf1 cxb5 37. Ra2 b4 38. Qf3 Rc8 39. Rc1 Rc3 40. Qf4 b3
41. Qxd2 Rxg3+ 42. Kf1 Rxh3 43. Rb2 Qc6 44. Qd8+ Kh7 45. Qd2 Qh1+ 46. Ke2 Qe4+ 47. Kd1 Rh1+
0-1

[Event "Double Scotch"]
[Site "SchemingMind.com"]
[Date "2006.12.13"]
[Round "-"]
[White "twotone"]
[Black "flyingscot"]
[Result "1-0"]
[WhiteCountry "ENG"]
[BlackCountry "SCO"]
[WhiteElo "1502"]
[WhiteRD "61"]
[BlackElo "1464"]
[BlackRD "74"]
[GameID "81703"]

1. e4 e5 2. Nf3 Nc6 3. d4 exd4 4. Nxd4 Bc5 5. c3 a6 6. Bc4 Ne5 7. Bb3 Nf6 8. Nd2 O-O 9. Bc2 d5 10. O-O Bg4
11. f3 Bh5 12. Kh1 c6 13. N2b3 Ba7 14. Bf4 Ng6 15. Qd2 Bb8 16. Ne2 h6 17. Rad1 Re8 18. exd5 cxd5 19. g4 Bxg4 20. fxg4 Nxg4
21. Nbd4 Be5 22. Bxg6 fxg6 23. Bxe5 Rxe5 24. Qf4 Re4 25. Qd2 Qd6 26. Ng3 Re5 27. Nf3 Re6 28. Rfe1 Qb6 29. Nd4 Rf6 30. Qg2 Nf2+
31. Kg1 Qxb2 32. Re2 Nh3+ 33. Kh1 Nf2+ 34. Kg1 Qxc3 35. Rxf2 Rd8 36. Nf1 Rfd6 37. Nb3 Qe5 38. Nc5 Qe7 39. Re2 Qc7 40. Qf2 Rf6
41. Qd4 Qc6 42. Ne3 Rf3 43. Nxd5 Kh8 44. Ne4 Qb5 45. Red2 Rh3 46. Nef6 Rf3 47. Ng4 Rdf8 48. Rf2 R8f5 49. Nc7 Qa5 50. Qd8+ Kh7
51. Rdd2 Rxf2 52. Nxf2 Rg5+ 53. Kf1 Rc5 54. Ne6 Rc1+ 55. Kg2 Qe5 56. Nf8+ Kg8 57. Nxg6+ Kh7 58. Nxe5 Rc5 59. Nf7 Rf5 60. Rd6 Rxf7
61. Qe8 Rc7 62. Qg6+ Kg8 63. Rd8#
1-0

[Event "Double Scotch"]
[Site "SchemingMind.com"]
[Date "2006.12.12"]
[Round "-"]
[White "Dr_Pat"]
[Black "twotone"]
[Result "1-0"]
[WhiteCountry "USA"]
[BlackCountry "ENG"]
[WhiteElo "1495"]
[WhiteRD "56"]
[BlackElo "1392"]
[BlackRD "59"]
[GameID "81704"]

1. e4 e5 2. Nf3 Nc6 3. d4 exd4 4. Nxd4 Nf6 5. Nc3 Ne5 6. f4 Nc6 7. e5 Nxd4 8. Qxd4 c5 9. Qd1 Ng8 10. Bc4 Ne7
11. O-O b6 12. Ne4 Nf5 13. Ng5 Qe7 14. Bxf7+ Kd8 15. Ne6+ Qxe6 16. Bxe6 Nd4 17. Bd5 Rb8 18. c3 Nb5 19. f5 Bb7 20. Bg5+ Be7
21. Bxe7+ Kxe7 22. f6+ gxf6 23. exf6+ Kf8 24. f7 Nd6 25. Bxb7 Nxb7 26. Qxd7 Nd8 27. Qe8+ Kg7 28. f8=Q+ Rxf8 29. Qxf8+ Kg6 30. Rf6+ Kg5
31. Qg7+ Kh5 32. Rh6#
1-0

[Event "Double Scotch"]
[Site "SchemingMind.com"]
[Date "2006.12.12"]
[Round "-"]
[White "fouche"]
[Black "twotone"]
[Result "0-1"]
[WhiteCountry "COL"]
[BlackCountry "ENG"]
[WhiteElo "1618"]
[WhiteRD "58"]
[BlackElo "1421"]
[BlackRD "57"]
[GameID "81705"]

1. e4 e5 2. Nf3 Nc6 3. d4 Nxd4 4. Bc4 Nc6 5. Bxf7+ Kxf7 6. Ng5+ Ke8 7. Qh5+ g6 8. Qf3 Qf6 9. O-O Qxf3 10. Nxf3 d6
11. Nc3 Be6 12. Bg5 Be7 13. Be3 Nf6 14. Rad1 a6 15. Ng5 Bg8 16. f3 Bc4 17. Rfe1 h6 18. Nh3 Be6 19. Nf2 h5 20. a3 Rd8
21. Nd3 d5 22. exd5 Nxd5 23. Bd2 Bd6 24. Ne4 Be7 25. b4 h4 26. c4 Nb6 27. Nb2 Kf7 28. Bc3 Nxc4 29. Nxc4 Bxc4 30. Kf2 g5
31. Ke3 Rdg8 32. h3 b5 33. Rd7 Rc8 34. Red1 Be6 35. Nxg5+ Kf6 36. Nxe6 Kxe6 37. Ke4 Rhd8 38. Rxd8 Rxd8 39. Rxd8 Bxd8 40. f4 Bf6
41. f5+ Kd6 42. Be1 Nd4 43. g4 Nc2 44. Bd2 Nxa3 45. g5 Bh8 46. g6 Bf6 47. Bh6 Nc4 48. Bg5 Ke7 49. Bh6 Nd6+ 50. Kd5 Ne8
51. Kc6 e4 52. Kb7 Ng7 53. Kxc7 Nxf5 54. Bd2 e3 55. Be1 Nd4 56. Kb6 Ke6 57. Kxa6 Kf5 58. Kb6 Kxg6 59. Kc5 Kg5 60. Kd5 Kf4
0-1

[Event "Double Scotch"]
[Site "SchemingMind.com"]
[Date "2006.12.12"]
[Round "-"]
[White "mart_r3000"]
[Black "twotone"]
[Result "1-0"]
[WhiteCountry "ENG"]
[BlackCountry "ENG"]
[WhiteElo "1281"]
[WhiteRD "52"]
[BlackElo "1392"]
[BlackRD "59"]
[GameID "81706"]

1. e4 e5 2. Nf3 Nc6 3. d4 d6 4. d5 Na5 5. c3 Nf6 6. Bb5+ c6 7. dxc6 bxc6 8. Ba4 Ba6 9. c4 Bxc4 10. b3 Bb5
11. Bxb5 cxb5 12. O-O Be7 13. b4 Nc6 14. Nc3 a6 15. Nd5 Nxd5 16. exd5 Nxb4 17. g3 O-O 18. a3 Nxd5 19. Qxd5 Rc8 20. Be3 Rc7
21. Rac1 Kh8 22. Bb6 Rc5 23. Bxc5 dxc5 24. Qxe5 f6 25. Qe6 c4 26. Rc3 a5 27. Rb1 Re8 28. Rxb5 Bb4 29. Qf7 Bxc3 30. Rd5 Qe7
31. Qh5 g6 32. Qh4 f5 33. Qxe7 Rxe7 34. Rd8+ Kg7 35. Rd1 Bb2 36. Kg2 Bxa3 37. Nd4 a4 38. Nb5 Bb4 39. Rd4 Re4 40. Rd7+ Kh6
41. f3 Re5 42. Nd4 a3 43. f4 Rc5 44. Ne6 g5 45. fxg5+ Kg6 46. Rg7+ Kh5 47. Rxh7+ Kg6 48. Rg7+ Kh5 49. Nf4+ Kg4 50. h3#
1-0

[Event "Double Scotch"]
[Site "SchemingMind.com"]
[Date "2006.12.12"]
[Round "-"]
[White "Canuck36"]
[Black "twotone"]
[Result "1-0"]
[WhiteCountry "CAN"]
[BlackCountry "ENG"]
[WhiteElo "1492"]
[WhiteRD "67"]
[BlackElo "1421"]
[BlackRD "57"]
[GameID "81707"]

1. e4 e5 2. Nf3 Nc6 3. d4 d5 4. Nc3 exd4 5. Nxd4 Bb4 6. Nxc6 bxc6 7. exd5 Qxd5 8. Bd2 Bxc3 9. Bxc3 f6 10. Bd3 Qxg2
11. Qe2+ Ne7 12. O-O-O Qh3 13. Be4 Bd7 14. f3 O-O 15. Rhg1 Bf5 16. Rg3 Qh6+ 17. Kb1 Rab8 18. Bd2 g5 19. f4 Bxe4 20. Qxe4 Nd5
21. Qe6+ Rf7 22. Qxc6 Nb6 23. fxg5 Qf8 24. gxf6+ Kh8 25. Rh3 Rd8 26. Kc1 Nd5 27. Bh6 Qd6 28. Qxd6 Rxd6 29. Rhd3 Rfxf6 30. Rxd5 Rxh6
31. Rxd6 cxd6 32. Rh1 Kg7 33. c4 Kf6 34. Kd2 Ke6 35. Kd3 Rf6 36. Re1+ Kd7 37. b4 h6 38. a4 Rf3+ 39. Re3 Rf6 40. Kd4 Kc6
41. b5+ Kb6 42. h4 Ka5 43. Kd5 a6 44. Re6 Rxe6 45. Kxe6 axb5 46. axb5 Kb6 47. Kxd6 h5 48. c5+ Kxb5 49. c6
1-0

[Event "Double Scotch"]
[Site "SchemingMind.com"]
[Date "2006.12.14"]
[Round "-"]
[White "cnile"]
[Black "twotone"]
[Result "1-0"]
[WhiteCountry "SCO"]
[BlackCountry "ENG"]
[WhiteElo "1532"]
[WhiteRD "65"]
[BlackElo "1421"]
[BlackRD "57"]
[GameID "81708"]

1. e4 e5 2. Nf3 Nc6 3. d4 exd4 4. Nxd4 Bc5 5. Nxc6 bxc6 6. c4 Qf6 7. Qe2 Ne7 8. Be3 Bb4+ 9. Nd2 Qxb2 10. Rb1 Qa3
11. g3 Ba5 12. Bg2 Ba6 13. O-O O-O 14. Qg4 Bxd2 15. Bxd2 Bxc4 16. Rfe1 Be6 17. Qg5 Ng6 18. Bb4 Qa4 19. Bxf8 Nxf8 20. e5 Qxa2
21. Ra1 Qb2 22. Rab1 Qa3 23. Re3 Qa6 24. Reb3 Qc8 25. Qe7 Ng6 26. Qc5 Bxb3 27. Rxb3 Nf8 28. Bf1 Ne6 29. Qc3 c5 30. Bg2 Nd4
31. Rb2 Rb8 32. Rxb8 Qxb8 33. Qxc5 Qb1+ 34. Bf1 Ne2+ 35. Kg2 Qb2 36. Qxc7 h6 37. Qxd7 a5 38. e6 Qe5 39. Qxf7+ Kh7 40. e7 Nc1
41. e8=Q Qxe8 42. Qxe8 Nb3 43. Bd3+ g6 44. Be4 Nc5 45. Bxg6+ Kg7 46. Qf7+
1-0

[Event "Double Scotch"]
[Site "SchemingMind.com"]
[Date "2006.12.13"]
[Round "-"]
[White "flyingscot"]
[Black "twotone"]
[Result "1-0"]
[WhiteCountry "SCO"]
[BlackCountry "ENG"]
[WhiteElo "1478"]
[WhiteRD "77"]
[BlackElo "1442"]
[BlackRD "60"]
[GameID "81709"]

1. e4 e5 2. Nf3 Nc6 3. d4 f6 4. Bc4 Nge7 5. c3 d5 6. exd5 Na5 7. Qa4+ c6 8. dxc6 Nexc6 9. Be3 Rb8 10. Nbd2 b5
11. Bxb5 Bd7 12. d5 Ne7 13. Bxd7+ Qxd7 14. Qxa5 Nc8 15. O-O Rb5 16. Qa4 Rxb2 17. Qe4 Be7 18. Nc4 Rb5 19. Rfd1 Bd6 20. Nh4 O-O
21. Nf5 Bb8 22. Qg4 Rf7 23. Nh6+ Kf8 24. Nf5 Rxd5 25. Rd2 Rxd2 26. Bxd2 Qe6 27. Rb1 Nb6 28. Na5 Bc7 29. Nb3 Nc4 30. Bc1 g6
31. Bh6+ Ke8 32. Ng7+ Rxg7 33. Qxe6+ Re7 34. Qxf6 e4 35. Qc6+ Kd8 36. Qxc4 Bd6 37. Qg8+ Kd7 38. Rd1 Kc7 39. Qc4+ Kd7 40. Nc5+ Kc7
41. Na6+ Kd7 42. Bf4 Re6 43. Qc7+
1-0

[Event "Double Scotch"]
[Site "SchemingMind.com"]
[Date "2006.12.13"]
[Round "-"]
[White "bartleby en passant"]
[Black "twotone"]
[Result "1/2-1/2"]
[WhiteCountry "IRL"]
[BlackCountry "ENG"]
[WhiteElo "1760"]
[WhiteRD "97"]
[BlackElo "1421"]
[BlackRD "57"]
[GameID "81867"]

1. e4 e5 2. Nf3 Nc6 3. d4 exd4 4. Nxd4 Nxd4 5. Qxd4 d6 6. Be3 Be6 7. Bd3 c5 8. Qa4+ Bd7 9. Qb3 b6 10. Bc4 Qf6
11. Nc3 Ne7 12. Bb5 Nc6 13. Nd5 Qd8 14. a4 Na5 15. Bxd7+ Qxd7 16. Qb5 Nc6 17. O-O Rd8 18. c3 Be7 19. Nxe7 Nxe7 20. Qxd7+ Rxd7
21. Rad1 O-O 22. Bf4 d5 23. exd5 Nxd5 24. c4 Nf6 25. Rfe1 Rfd8 26. Rxd7 Rxd7 27. h3 Rd4 28. Be5 Rxc4 29. Bxf6 gxf6 30. b3 Rc3
31. Re3 Rc1+ 32. Kh2 c4 33. bxc4 Rxc4 34. Ra3 a5 35. g4 Rb4 36. Kg3 b5 37. axb5 Rxb5 38. Ra4 f5 39. f4 Kg7 40. Kh4 h6
41. g5 f6 42. gxf6+ Kxf6 43. Kh5 Kg7 44. h4= Rd5 45. Rxa5 Rxa5
1/2-1/2

[Event "Double Scotch"]
[Site "SchemingMind.com"]
[Date "2006.12.13"]
[Round "-"]
[White "bartleby en passant"]
[Black "Dr_Pat"]
[Result "1-0"]
[WhiteCountry "IRL"]
[BlackCountry "USA"]
[WhiteElo "1760"]
[WhiteRD "97"]
[BlackElo "1493"]
[BlackRD "49"]
[GameID "81868"]

1. e4 e5 2. Nf3 Nc6 3. d4 exd4 4. Nxd4 Bc5 5. Be3 Qf6 6. c3 Nge7 7. Bc4 Ne5 8. Be2 d5 9. exd5 Nxd5 10. Qd2 Nxe3
11. Qxe3 O-O 12. O-O Ng4 13. Bxg4 Bxg4 14. Nd2 Rfe8 15. Qg3 Bf5 16. Nxf5 Qxf5 17. b4 Bd6 18. Qf3 Qxf3 19. Nxf3 a6 20. a4 c6
21. Rfe1 Rxe1+ 22. Rxe1 Kf8 23. Ng5 h6 24. Nf3 Re8 25. g3 Rxe1+ 26. Nxe1 Ke7 27. Nd3 f6 28. Kg2 g5 29. f3 b6 30. Kh3 Ke6
31. Kg4 Kf7 32. f4 gxf4 33. gxf4 a5 34. bxa5 bxa5 35. h3 c5 36. c4 Kg7 37. f5 Kh7 38. Nf2 Be5 39. Ne4 Bd4 40. Nd6
1-0

[Event "Double Scotch"]
[Site "SchemingMind.com"]
[Date "2006.12.16"]
[Round "-"]
[White "bartleby en passant"]
[Black "fouche"]
[Result "1-0"]
[WhiteCountry "IRL"]
[BlackCountry "COL"]
[WhiteElo "1760"]
[WhiteRD "97"]
[BlackElo "1618"]
[BlackRD "58"]
[GameID "81869"]

1. e4 e5 2. Nf3 Nc6 3. d4 d6 4. d5 Nce7 5. Bg5 h6 6. Bxe7 Bxe7 7. Nc3 f5 8. Bb5+ Kf8 9. exf5 Bxf5 10. Bd3 Bxd3
11. Qxd3 Nf6 12. Nh4 Nxd5 13. Ng6+ Ke8 14. Nxh8 Nf6 15. Ng6 Qd7 16. Nxe7 Qxe7 17. Qg6+ Kd7 18. Qf5+ Kc6 19. Qd3 Kd7 20. Qb5+ Kc8
21. Nd5 Nxd5 22. Qxd5 c6 23. Qg8+
1-0

[Event "Double Scotch"]
[Site "SchemingMind.com"]
[Date "2006.12.17"]
[Round "-"]
[White "bartleby en passant"]
[Black "mart_r3000"]
[Result "1-0"]
[WhiteCountry "IRL"]
[BlackCountry "ENG"]
[WhiteElo "1760"]
[WhiteRD "97"]
[BlackElo "1286"]
[BlackRD "52"]
[GameID "81870"]

1. e4 e5 2. Nf3 Nc6 3. d4 exd4 4. Nxd4 Bc5 5. Nxc6 Qh4 6. g3 Qxe4+ 7. Qe2 Nf6 8. Be3 Qxh1 9. Bxc5+ Ne4 10. f3 d5
11. fxe4 dxe4 12. Nd4 b6 13. Bb4 c5 14. Nb5 O-O 15. Bc3 Re8 16. Nc7 Re7 17. Nxa8 e3 18. Nxb6 Bb7 19. Na3 axb6 20. O-O-O h6
21. Rd8+ Kh7 22. Qd3+ Re4 23. Qe2 Kg6 24. Rd3 Ba6 25. b3 f5 26. Kb2 Kh7 27. Qg2 Qxg2 28. Bxg2 Bxd3 29. cxd3 Re6 30. Kc1 g5
31. Kd1 f4 32. gxf4 gxf4 33. Be4+ Kg8 34. Bd5 Kf7 35. Ke2 Ke7 36. Bxe6 Kxe6 37. Kf3 Kf5 38. Nc4 b5 39. Nd6+ Kg5 40. Nxb5 h5
41. a4 Kh4 42. Kxf4 e2 43. Kf3 Kh3 44. a5 h4 45. Kxe2 Kxh2 46. Be5+ Kg2 47. a6
1-0

[Event "Double Scotch"]
[Site "SchemingMind.com"]
[Date "2006.12.17"]
[Round "-"]
[White "bartleby en passant"]
[Black "Canuck36"]
[Result "1-0"]
[WhiteCountry "IRL"]
[BlackCountry "CAN"]
[WhiteElo "1717"]
[WhiteRD "91"]
[BlackElo "1469"]
[BlackRD "69"]
[GameID "81871"]

1. e4 e5 2. Nf3 Nc6 3. d4 exd4 4. Nxd4 Nf6 5. Nc3 Bb4 6. Bg5 O-O 7. Nxc6 bxc6 8. e5 Re8 9. Bxf6 Qxf6 10. Be2 Bxc3+
11. bxc3 Qxe5 12. Qd2 d5 13. O-O c5 14. Rfe1 Bb7 15. Ba6 Qd6 16. Bxb7 Rab8 17. Qxd5 h6 18. Rxe8+ Rxe8 19. Qxd6 cxd6 20. Bd5 Re2
21. Rc1 a5 22. a4 g5 23. g4 Kg7 24. Kf1 Re5 25. c4 f5 26. gxf5 Rxf5 27. Re1 Rf6 28. Re7+ Kg6 29. Kg2 h5 30. Be4+ Rf5
31. Re6+
1-0

[Event "Double Scotch"]
[Site "SchemingMind.com"]
[Date "2006.12.17"]
[Round "-"]
[White "bartleby en passant"]
[Black "cnile"]
[Result "0-1"]
[WhiteCountry "IRL"]
[BlackCountry "SCO"]
[WhiteElo "1693"]
[WhiteRD "84"]
[BlackElo "1546"]
[BlackRD "70"]
[GameID "81872"]

1. e4 e5 2. Nf3 Nc6 3. d4 exd4 4. Nxd4 Qh4 5. Nc3 Bb4 6. Nxc6 Bxc3+ 7. bxc3 Qxe4+ 8. Qe2 Qxe2+ 9. Bxe2 dxc6 10. O-O Bf5
11. Bd3 Bxd3 12. cxd3 O-O-O 13. Rd1 Ne7 14. Re1 Ng6 15. d4 Rd5 16. f4 Rhd8 17. Rf1 c5 18. f5 Nf8 19. Be3 cxd4 20. Bxd4 f6
21. g4 c5 22. Bf2 b6 23. a4 Nd7 24. Rfe1 Ne5 25. h3 Nf3+ 26. Kf1 Nxe1 27. Bxe1 Rd1 28. Rxd1 Rxd1 29. Ke2 Rd7 30. h4 Kc7
31. Bd2 Kc6 32. Kd1 a6 33. Kc2 Rd5 34. Be1 Re5 35. Bg3 Re4 36. g5 fxg5
0-1

[Event "Double Scotch"]
[Site "SchemingMind.com"]
[Date "2006.12.17"]
[Round "-"]
[White "bartleby en passant"]
[Black "flyingscot"]
[Result "1-0"]
[WhiteCountry "IRL"]
[BlackCountry "SCO"]
[WhiteElo "1693"]
[WhiteRD "84"]
[BlackElo "1464"]
[BlackRD "74"]
[GameID "81873"]

1. e4 e5 2. Nf3 Nc6 3. d4 exd4 4. Nxd4 Ne5 5. Bf4 Ng6 6. Qd2 Nf6 7. Nc3 h6 8. Bd3 Bc5 9. Nf5 Ng4 10. Bg3 O-O
11. h3 Nf6 12. O-O d6 13. Rfe1 Bd7 14. e5 Nh5 15. exd6 Nxg3 16. Nxg3 Nh4 17. dxc7 Qxc7 18. Nge4 Bxh3 19. Bf1 Nf3+ 20. gxf3 Qc6
21. Bxh3 Rad8 22. Qf4 Bb6 23. Rad1 Bc7 24. Qf5 a6 25. Rxd8 Rxd8 26. Qc5 Qg6+ 27. Ng3 Bb6 28. Qf5 Qd6 29. Qe5 Qd2 30. Qe2 Qg5
31. Rd1 Qxg3+ 32. Bg2 Qh4 33. Rxd8+ Qxd8 34. f4 Qc8 35. Nd5 Bc5 36. Ne7+ Bxe7 37. Qxe7 Qxc2 38. Qe8+ Kh7 39. Be4+ Qxe4 40. Qxe4+ g6
41. f5 h5 42. f6 b5 43. Qe8 Kh6 44. Qxf7 Kg5 45. Qg7 Kf5 46. f7
1-0

[Event "Double Scotch"]
[Site "SchemingMind.com"]
[Date "2006.12.14"]
[Round "-"]
[White "twotone"]
[Black "bartleby en passant"]
[Result "0-1"]
[WhiteCountry "ENG"]
[BlackCountry "IRL"]
[WhiteElo "1421"]
[WhiteRD "57"]
[BlackElo "1760"]
[BlackRD "97"]
[GameID "81874"]

1. e4 e5 2. Nf3 Nc6 3. d4 exd4 4. Nxd4 Bc5 5. Nxc6 Qf6 6. Be3 Bxe3 7. Qf3 Qxb2 8. Qxe3 Qxa1 9. Be2 Qxb1+ 10. Bd1 bxc6
11. O-O Qxa2 12. f4 Nh6 13. f5 d6 14. Qc3 O-O 15. Qxc6 Qa6 16. Qxc7 Qb6+ 17. Qxb6 axb6 18. Kf2 Ng4+ 19. Bxg4 Ra2 20. Rc1 f6
21. Ke3 g6 22. Kd2 Rb2 23. Bh3 Re8 24. Kc3 Rb5 25. Kd3 gxf5 26. exf5 Rd5+ 27. Kc3 Ba6 28. g4 Rc8+ 29. Kb2 Rb5+ 30. Ka1 Bb7
31. c4 Ra8#
0-1

[Event "Double Scotch"]
[Site "SchemingMind.com"]
[Date "2006.12.14"]
[Round "-"]
[White "Dr_Pat"]
[Black "bartleby en passant"]
[Result "0-1"]
[WhiteCountry "USA"]
[BlackCountry "IRL"]
[WhiteElo "1493"]
[WhiteRD "49"]
[BlackElo "1760"]
[BlackRD "97"]
[GameID "81875"]

1. e4 e5 2. Nf3 Nc6 3. d4 exd4 4. Nxd4 Nf6 5. Nc3 Bb4 6. Nxc6 bxc6 7. Bd3 O-O 8. O-O Re8 9. Bg5 d6 10. Qd2 c5
11. a3 Bxc3 12. Qxc3 Bb7 13. Bxf6 Qxf6 14. Qxf6 gxf6 15. f4 Bxe4 16. Bxe4 Rxe4 17. Rae1 Rae8 18. Rxe4 Rxe4 19. f5 Kf8 20. g3 d5
21. Rf2 Re1+ 22. Rf1 Rxf1+ 23. Kxf1 Ke7 24. Ke2 Kd6 25. g4 Ke5 26. Kf3 c4 27. h4 d4 28. a4 a5 29. c3 c6 30. cxd4+ Kxd4
31. Kf4 Kd3 32. h5 Kc2
0-1

[Event "Double Scotch"]
[Site "SchemingMind.com"]
[Date "2006.12.17"]
[Round "-"]
[White "fouche"]
[Black "bartleby en passant"]
[Result "0-1"]
[WhiteCountry "COL"]
[BlackCountry "IRL"]
[WhiteElo "1600"]
[WhiteRD "66"]
[BlackElo "1693"]
[BlackRD "84"]
[GameID "81876"]

1. e4 e5 2. Nf3 Nc6 3. d4 exd4 4. Bc4 Bc5 5. Bxf7+ Kxf7 6. Ng5+ Ke8 7. Qh5+ g6 8. Qf3 Qf6 9. Qb3 Nb4 10. O-O d6
11. a3 Nc6 12. Bd2 h6 13. Nf3 Nge7 14. c4 Ne5 15. Nxe5 dxe5 16. Qb5+ Qc6 17. Qxc6+ Nxc6 18. b4 Be7 19. c5 Be6 20. b5 Nd8
21. Bb4 Bc4 22. Rd1 Bxb5 23. a4 Bc6 24. f3 b6 25. Rc1 Ne6 26. cxb6 Bd7 27. Bxe7 Kxe7 28. bxc7 Rac8 29. Nd2 Rxc7 30. Rcb1 Rhc8
31. Kf2 Rc2 32. Ke1 a5 33. Rb7 R8c7 34. Rab1 Rxb7
0-1

[Event "Double Scotch"]
[Site "SchemingMind.com"]
[Date "2006.12.14"]
[Round "-"]
[White "mart_r3000"]
[Black "bartleby en passant"]
[Result "0-1"]
[WhiteCountry "ENG"]
[BlackCountry "IRL"]
[WhiteElo "1281"]
[WhiteRD "52"]
[BlackElo "1777"]
[BlackRD "109"]
[GameID "81877"]

1. e4 e5 2. Nf3 Nc6 3. d4 exd4 4. Nxd4 d5 5. Qe2 Nxd4 6. Qd2 dxe4 7. Bc4 Bc5 8. O-O Be6 9. Bxe6 Nxe6 10. Qxd8+ Rxd8
11. Kh1 Nf6 12. Nc3 Nd4 13. Bf4 Bd6 14. Be3 Nxc2 15. Rad1 Nxe3 16. fxe3 O-O 17. Ne2 Ng4 18. g3 Nxe3 19. Rd4 Nxf1 20. Nc3 Rfe8
21. Nd5 e3 22. Rg4 Re6 23. h4 e2 24. Rd4 e1=Q 25. Kg2 Re2+ 26. Kh3 Qxg3#
0-1

[Event "Double Scotch"]
[Site "SchemingMind.com"]
[Date "2006.12.15"]
[Round "-"]
[White "Canuck36"]
[Black "bartleby en passant"]
[Result "0-1"]
[WhiteCountry "CAN"]
[BlackCountry "IRL"]
[WhiteElo "1465"]
[WhiteRD "80"]
[BlackElo "1710"]
[BlackRD "72"]
[GameID "81878"]

1. e4 e5 2. Nf3 Nc6 3. d4 exd4 4. c3 dxc3 5. Nxc3 Bb4 6. Bc4 h6 7. O-O d6 8. Nd5 Be6 9. Bd2 Bxd2 10. Nxd2 Nf6
11. f3 O-O 12. Nb3 Bxd5 13. exd5 Ne5 14. Be2 c6 15. dxc6 bxc6 16. Nd4 c5 17. Nb5 d5 18. f4 Nc6 19. g3 a6 20. Nc3 d4
21. Na4 Qa5 22. Rc1 Ne4 23. Bd3 Rfe8 24. a3 Nd6 25. Nxc5 Qb6 26. Qc2 Na5 27. Nd7 Qb3 28. Qd2 Ne4 29. Bxe4 Rxe4 30. Qxa5 Qxb2
31. Qd5 Ree8 32. Ne5 Ra7 33. Qc5 Raa8 34. Nd3 Qb3 35. Ne5 Qe3+ 36. Rf2 Rad8 37. Qc4 Re6 38. Nd3 Qe4 39. Rfc2 Qe3+ 40. Kg2 Qe4+
41. Kh3 Qf5+ 42. Kg2 Qe4+ 43. Kg1 Qe3+ 44. Rf2 Qe4 45. g4 a5 46. h3 Qe3 47. Kh2 Qe4 48. f5 Rf6 49. Re1 Qb7 50. Re5 Rc6
51. Rc5 Qc7+ 52. Kg2 Rxc5 53. Qxc5 Qb7+ 54. Kg3 Qe4 55. Rf3 Qe2 56. Qxa5 Re8 57. Qd5 Re3 58. Nf4 Qe1+ 59. Kg2 Qd2+ 60. Rf2 Qd1
61. Qd8+ Kh7 62. f6 Re1 63. fxg7 Rg1+ 64. Kh2 Rh1+ 65. Kg3 Qg1+ 66. Kh4 Qxf2+ 67. Kh5 Kxg7 68. Ne6+ fxe6 69. Qe7+ Qf7+ 70. Qxf7+ Kxf7
71. Kh4 d3
0-1

[Event "Double Scotch"]
[Site "SchemingMind.com"]
[Date "2006.12.14"]
[Round "-"]
[White "cnile"]
[Black "bartleby en passant"]
[Result "0-1"]
[WhiteCountry "SCO"]
[BlackCountry "IRL"]
[WhiteElo "1532"]
[WhiteRD "65"]
[BlackElo "1760"]
[BlackRD "97"]
[GameID "81879"]

1. e4 e5 2. Nf3 Nc6 3. d4 exd4 4. Nxd4 Bc5 5. Nxc6 bxc6 6. Bc4 Nf6 7. Nc3 Rb8 8. Bg5 h6 9. Bh4 Bb4 10. Qd3 d6
11. O-O-O Qe7 12. f4 Bxc3 13. Qxc3 Qxe4 14. Rhe1 O-O 15. Rxe4 Nxe4 16. Qa5 Rb7
0-1